Name the Assassin - Statistics

General Stats
  • This quiz has been taken 19 times
  • The average score is 6 of 11
Answer Stats
Hint Answer % Correct
Abraham Lincoln John Wilkes Booth
94%
John F. Kennedy Lee Harvey Oswald
83%
Assassin of above answer Jack Ruby
72%
Robert F. Kennedy Sirhan Sirhan
67%
John Lennon Mark David Chapman
61%
Franz Ferdinand Gavrilo Princip
56%
Martin Luther King Jr. James Earl Ray
44%
William McKinley Leon Czolgosz
39%
Harvey Milk Dan White
33%
James Garfield Charles J. Guiteau
28%
Mahatma Gandhi Nathuram Godse
28%
No matching quizzes found
Score Distribution
Percent of People with Each Score
Percentile by Number Answered
Your Score History
You have not taken this quiz